000 00666cam a22002053a 4500
001 39592
003 PGUSA
005 20140828083859.0
008 120502s2012||||xxu|||||s|||||000 | eng d
040 _aPGUSA
_beng
042 _adc
245 1 0 _aPrincess Mary's Gift Book :
_bAll profits on sale given to the Queen's "Work for Women" Fund which is acting in Conjunction with The National Relief Fund
_h[electronic resource]
260 _bProject Gutenberg,
_c2012
506 _aPublic domain in the USA.
516 _aElectronic text
700 1 _aVarious
830 0 _aProject Gutenberg
_v39592
856 4 0 _uhttp://www.gutenberg.org/ebooks/39592
942 _cEB
999 _c268845
_d268845